| 000 | 00605nam a22002057a 4500 | ||
|---|---|---|---|
| 003 | OSt | ||
| 005 | 20260423005842.0 | ||
| 008 | 260423b |||||||| |||| 00| 0 eng d | ||
| 020 | _a 981-4119-23-7 | ||
| 040 |
_aDWC-Admin lib _cOC |
||
| 082 | _aCirc. 301 Em53 2002 | ||
| 100 | _aEmber, Carol R. | ||
| 245 |
_aAnthropology 10th ed. / _cCarol R. Ember |
||
| 260 |
_a New Jersey : _bPearson Education Inc., _cc2002 |
||
| 300 |
_axix, 645 p. : _bill. ; _c27 cm. |
||
| 650 | _a1. Anthropology | ||
| 700 | _aEmber, Melvin | ||
| 700 | _aPeregrine, Peter N. | ||
| 942 |
_2ddc _cBK-CIRC _e10th ed. _hCirc. _n0 |
||
| 999 |
_c9749 _d9749 |
||